000 01032cam a22002771 4500
001 sa 68005708
003 DLC
005 20260227112511.0
008 850617s1966 ii b 000 0 san
010 _asa 68005708
020 _cRs3
025 _aPL480: I-San-707
035 _a(OCoLC)13891070
040 _aDLC
_cNN
_dDLC
042 _apremarc
050 0 0 _aPK875
_b.K43
100 0 _aKedārabhaṭṭa.
240 1 0 _aVr̥ttaratnākara
245 1 0 _aVṛttaratnākaram.
_cŚrībhaṭṭakedāraviracitam. Ghilḍiyālopāhv ena Śrīdharānandaśāstriṇā praṇītayā prājñatoṣiṇīvyākhyayā Hindīrūpāntareṇa ṭippaṇyā ca samalaṅkṛtam.
260 _aDillī,
_bMotīlāla Banārasīdāsa
_c[1966]
300 _a26, 242 p.
_c18 cm.
500 _aIn Sanskrit; introductory matter in Hindi; commentary in Hindi and Sanskrit.
504 _aBibliographical footnotes.
650 0 _aSanskrit language
_xMetrics and rhythmics.
700 1 2 _aGhildiyal, Shridharanand Sharma,
_d1927-
_tPrājñatoṣinī.
999 _c80897
_d80897